6路線以上を直通する普通ダイヤ - Statistics

General Stats
  • This quiz has been taken 659 times
  • The average score is 40 of 45
Answer Stats
答え(発着駅) 路線 % Correct
6-3 森林公園〜湘南台 3.東急東横線
95%
6-1 森林公園〜湘南台 1.東武東上本線
94%
6-2 森林公園〜湘南台 2.東京メトロ副都心線
94%
1-2 羽田空港第1・第2ターミナル〜芝山千代田 2.京急本線
92%
2-2 羽田空港第1・第2ターミナル〜成田空港 2.京急本線
92%
3-2 三崎口〜成田空港 2.京急本線
92%
4-2 三崎口〜印旛日本医大 2.京急本線
92%
5-3 浦和美園〜湘南台 3.東急目黒線
92%
1-5 羽田空港第1・第2ターミナル〜芝山千代田 5.京成本線
92%
2-5 羽田空港第1・第2ターミナル〜成田空港 5.京成本線
92%
3-5 三崎口〜成田空港 5.京成本線
92%
4-5 三崎口〜印旛日本医大 5.京成本線
92%
5-6 浦和美園〜湘南台 6.相鉄本線
92%
6-6 森林公園〜湘南台 6.相鉄本線
92%
5-2 浦和美園〜湘南台 2.東京メトロ南北線
91%
1-3 羽田空港第1・第2ターミナル〜芝山千代田 3.都営浅草線
91%
2-3 羽田空港第1・第2ターミナル〜成田空港 3.都営浅草線
91%
3-3 三崎口〜成田空港 3.都営浅草線
91%
4-3 三崎口〜印旛日本医大 3.都営浅草線
91%
5-4 浦和美園〜湘南台 4.東急新横浜線
91%
6-4 森林公園〜湘南台 4.東急新横浜線
91%
5-5 浦和美園〜湘南台 5.相鉄新横浜線
91%
6-5 森林公園〜湘南台 5.相鉄新横浜線
91%
1-1 羽田空港第1・第2ターミナル〜芝山千代田 1.京急空港線
90%
2-1 羽田空港第1・第2ターミナル〜成田空港 1.京急空港線
90%
5-1 浦和美園〜湘南台 1.埼玉高速鉄道線
89%
7-3 敦賀〜播州赤穂 3.JR京都線
88%
7-4 敦賀〜播州赤穂 4.JR神戸線
88%
7-2 敦賀〜播州赤穂 2.JR琵琶湖線
87%
1-4 羽田空港第1・第2ターミナル〜芝山千代田 4.京成押上線
86%
2-4 羽田空港第1・第2ターミナル〜成田空港 4.京成押上線
86%
3-4 三崎口〜成田空港 4.京成押上線
86%
4-4 三崎口〜印旛日本医大 4.京成押上線
86%
2-6 羽田空港第1・第2ターミナル〜成田空港 6.京成成田スカイアクセス線
86%
3-6 三崎口〜成田空港 6.京成成田スカイアクセス線
86%
7-5 敦賀〜播州赤穂 5.JR山陽本線
85%
4-6 三崎口〜印旛日本医大 6.北総鉄道北総線
85%
3-1 三崎口〜成田空港 1.京急久里浜線
84%
4-1 三崎口〜印旛日本医大 1.京急久里浜線
84%
5-7 浦和美園〜湘南台 7.相鉄いずみ野線
84%
6-7 森林公園〜湘南台 7.相鉄いずみ野線
84%
7-1 敦賀〜播州赤穂 1.JR北陸本線
83%
7-6 敦賀〜播州赤穂 6.JR赤穂線
82%
1-7 羽田空港第1・第2ターミナル〜芝山千代田 7.芝山鉄道
81%
1-6 羽田空港第1・第2ターミナル〜芝山千代田 6.京成東成田線
75%
No matching quizzes found
Score Distribution
Percent of People with Each Score
Percentile by Number Answered
Your Score History
You have not taken this quiz